Uplatňovanie inovácií v edukačnom procese a zmysel vzdelania
Na zabezpečenie kvality vyučovacieho procesu je potrebné zabezpečiť kvalitu výchovno-vzdelávacích procesov. Ak človek dosiahne iba takú úroveň vedomostí a zručností, vďaka ktorej vie ponúkať iba rutinnú či nerutinnú manuálnu prácu, je takmer isté, že časom bude jeho práca nahradená technológiou. Eko...
Salvato in:
| Autore principale: | |
|---|---|
| Natura: | Capitolo di libro |
| Lingua: | slovacco |
| Soggetti: | |
| Tags: |
Nessun Tag, puoi essere il primo ad aggiungerne!!
|
MARC
| LEADER | 00000nla a2200000 4500 | ||
|---|---|---|---|
| 001 | 0194769 | ||
| 005 | 20240502073250.0 | ||
| 041 | 0 | |a slo | |
| 044 | |a SK | ||
| 245 | 1 | 0 | |a Uplatňovanie inovácií v edukačnom procese a zmysel vzdelania |c Ingrid Potisková |
| 520 | |a Na zabezpečenie kvality vyučovacieho procesu je potrebné zabezpečiť kvalitu výchovno-vzdelávacích procesov. Ak človek dosiahne iba takú úroveň vedomostí a zručností, vďaka ktorej vie ponúkať iba rutinnú či nerutinnú manuálnu prácu, je takmer isté, že časom bude jeho práca nahradená technológiou. Ekonomická realita ukazuje, že schopnosti a zručnosti, ktoré sa dajú osvojiť najjednoduchšie, sú práve tie, ktoré sa dajú najľahšie automatizovať, digitalizovať alebo nahradiť inou technológiou. Preto je nutné, aby si študenti osvojili veľkú flexibilitu a schopnosť adaptovať sa na nové podmienky. | ||
| 610 | 2 | 0 | |a vzdelávanie |
| 610 | 2 | 0 | |a vedomosti |
| 610 | 2 | 0 | |a zručnosti |
| 610 | 2 | 0 | |a inovácia |
| 610 | 2 | 0 | |a flexibilita |
| 100 | 1 | |a Potisková, Ingrid | |